|
|
|
|
| LEADER |
00737nta a2200205 i 4500 |
| 001 |
dokt6776 |
| 005 |
20220715150900.0 |
| 008 |
220715s1982 hu om 0|| hun d |
| 040 |
|
|
|a SZTE Doktori Repozitórium
|b hun
|
| 041 |
|
|
|a hun
|
| 100 |
1 |
|
|a Tóth Zsuzsanna
|
| 245 |
1 |
0 |
|a Bikromofor molekulák lumineszcencia jellemzői (Intramolekuláris energiaátadás bikromofor molekulákban)
|h [elektronikus dokumentum] /
|c Tóth Zsuzsanna
|
| 260 |
|
|
|c 1982
|
| 502 |
|
|
|a Disszertacio
|
| 650 |
|
4 |
|a fizikai tudományok
|
| 650 |
|
4 |
|a Természettudományok
|
| 650 |
|
4 |
|a Fizikai tudományok
|
| 695 |
|
|
|a Fizika
|
| 700 |
1 |
|
|a Ketskeméty István
|e ths
|
| 856 |
4 |
0 |
|u https://doktori.bibl.u-szeged.hu/id/eprint/6776/1/1982_toth_zsuzsanna.pdf
|z Dokumentum-elérés
|